000 00494nam a2200193 a 4500
001 1771681179880
003 YourLibrary
005 20260221191139.0
008 260221s1984##################000#0#eng##
020 _a9780671427344
082 0 4 _a320.2
_bWIL
100 1 _aWill, George F.,
_eauthor.
245 1 0 _aStatecraft as Soulcraft :
260 _bSimon and Schuster,
_c1984.
300 _a196 pages
650 0 _aHistory.
942 _cENGLISH
040 _aYourLibrary
_beng
_cYourLibrary
999 _c615408
_d615408